Les fruits.... Que contiennent-ils ? (1) - Statistiques

Statistiques générales
  • Ce quiz a été pris 25 fois
  • Le résultat moyen est 7 sur 24
Statistiques - réponses
Question Réponse % Correct
Lequel de ces fruits contient le plus de phosphore ? Groseille blanche
75%
Lequel de ces fruits contient le plus de fibres ? Framboise
50%
Lequel de ces fruits contient le plus de magnésium ? Fruit de la passion
50%
Lequel de ces fruits contient le plus de fer ? Fruit de la passion
50%
Lequel de ces fruits contient le plus de vitamine C ? Kiwi
50%
Lequel de ces fruits contient le plus de béta-carotène ? Melon
50%
Lequel de ces fruits contient le plus de sucre ? Melon
50%
Lequel de ces fruits contient le moins de vitamine K ? Orange
50%
Lequel de ces fruits contient le plus de magnésium ? Framboise
25%
Lequel de ces fruits contient le plus de lipides ? Framboise
25%
Lequel de ces fruits contient le plus de lipides ? Fruit de la passion
25%
Lequel de ces fruits contient le plus de protéines ? Fruit de la passion
25%
Lequel de ces fruits contient le plus de potassium ? Groseille blanche
25%
Lequel de ces fruits contient le plus de cuivre ? Kiwi
25%
Lequel de ces fruits contient le plus de vitamine E ? Kiwi
25%
Lequel de ces fruits est le plus calorique ? Litchi
25%
Lequel de ces fruits contient le plus de vitamine C ? Litchi
25%
Lequel de ces fruits contient le plus de calcium ? Orange
25%
Lequel de ces fruits contient le moins d'acide gras saturés ? Orange
25%
Lequel de ces fruits contient le plus de zinc ? Framboise
0%
Lequel de ces fruits contient le plus de cuivre? Litchi
0%
Lequel de ces fruits contient le plus de glucides ? Litchi
0%
Lequel de ces fruits contient le plus de calcium ? Raisin muscat
0%
Lequel de ces fruits contient le plus de manganèse ? Raisin muscat
0%
Aucun quiz correspondant
Distribution des résultats
% des personnes avec chaque résultat
Percentile par nombre de réponses
Votre historique - résultats
Vous n’avez pas pris ce quiz